000 00632nam a2200217Ia 4500
005 20250508170038.0
008 008 250505s9999 xx 000 0 hin d
020 _a81-7525-405-X
037 _aTextual
040 _aFEDL
_beng
_cFEDL
041 _ahin
_2eng
084 _a363.7, NCE/RR
_qFEDL
245 0 _aAas- paas: Teesari kaksha ke liye pryavaran adhyayan ki patthyepustak
245 0 _cNCERT (New Delhi India)
260 _aDelhi, India
_bNCERT
_c2006
300 _a158p.
365 _aINR
_b30
546 _aGifted by Prof. Anita Rampal
942 _cTEXL
_h363.7, NCE/RR
999 _c1398898
_d1398898